| 000 -LEADER |
| fixed length control field |
01625cam a22003977a 4500 |
| 001 - CONTROL NUMBER |
| control field |
14957870 |
| 003 - CONTROL NUMBER IDENTIFIER |
| control field |
NUST |
| 005 - DATE AND TIME OF LATEST TRANSACTION |
| control field |
20210112111552.0 |
| 008 - FIXED-LENGTH DATA ELEMENTS--GENERAL INFORMATION |
| fixed length control field |
070808s2007 enkaf b 001 0 eng d |
| 010 ## - LIBRARY OF CONGRESS CONTROL NUMBER |
| LC control number |
2007298648 |
| 015 ## - NATIONAL BIBLIOGRAPHY NUMBER |
| National bibliography number |
GBA694078 |
| Source |
bnb |
| 016 7# - NATIONAL BIBLIOGRAPHIC AGENCY CONTROL NUMBER |
| Record control number |
013595802 |
| Source |
Uk |
| 020 ## - INTERNATIONAL STANDARD BOOK NUMBER |
| International Standard Book Number |
0470035803 (pbk.) |
| 020 ## - INTERNATIONAL STANDARD BOOK NUMBER |
| International Standard Book Number |
9780470035801 (pbk.) |
| 035 ## - SYSTEM CONTROL NUMBER |
| System control number |
(OCoLC)ocm75713394 |
| 035 ## - SYSTEM CONTROL NUMBER |
| System control number |
(OCoLC)75713394 |
| 038 ## - RECORD CONTENT LICENSOR |
| Staff Name |
SNS library Staff |
| 040 ## - CATALOGING SOURCE |
| Original cataloging agency |
UKM |
| Transcribing agency |
UKM |
| Modifying agency |
BAKER |
| -- |
BWKUK |
| -- |
YDXCP |
| -- |
BTCTA |
| -- |
DLC |
| 042 ## - AUTHENTICATION CODE |
| Authentication code |
lccopycat |
| 050 00 - LIBRARY OF CONGRESS CALL NUMBER |
| Classification number |
QC20.7.F56 |
| Item number |
F57 2007 |
| 082 04 - DEWEY DECIMAL CLASSIFICATION NUMBER |
| Classification number |
620.00151825 FIS 2008 |
| Edition number |
22 |
| Author Mark |
FIS |
| 100 1# - MAIN ENTRY--PERSONAL NAME |
| Personal name |
Fish, J. |
| Fuller form of name |
(Jacob) |
| 9 (RLIN) |
35572 |
| 245 12 - TITLE STATEMENT |
| Title |
A first Course in Finite Elements |
| Statement of responsibility, etc. |
Jacob Fish, Ted Belytschko. |
| 260 ## - PUBLICATION, DISTRIBUTION, ETC. |
| Place of publication, distribution, etc. |
Chichester, England ; |
| -- |
Hoboken, NJ : |
| Name of publisher, distributor, etc. |
John Wiley & Sons Ltd., |
| Date of publication, distribution, etc. |
c2007. |
| 300 ## - PHYSICAL DESCRIPTION |
| Extent |
xiv, 319 p., [8] p. of plates : |
| Other physical details |
ill. (some col.) ; |
| Dimensions |
25 cm. + |
| Accompanying material |
1 CD-ROM (4 3/4 in.) |
| 440 ## - SERIES STATEMENT/ADDED ENTRY--TITLE |
| Title |
A first Course in Finite Elements |
| 9 (RLIN) |
35573 |
| 504 ## - BIBLIOGRAPHY, ETC. NOTE |
| Bibliography, etc. note |
Includes bibliographical references and index. |
| 650 #0 - SUBJECT ADDED ENTRY--TOPICAL TERM |
| Topical term or geographic name entry element |
Finite element method. |
| 9 (RLIN) |
1938 |
| 700 1# - ADDED ENTRY--PERSONAL NAME |
| Personal name |
Belytschko, Ted, |
| Dates associated with a name |
1943- |
| 9 (RLIN) |
35574 |
| 856 42 - ELECTRONIC LOCATION AND ACCESS |
| Materials specified |
Contributor biographical information |
| Uniform Resource Identifier |
<a href="http://www.loc.gov/catdir/enhancements/fy0741/2007298648-b.html">http://www.loc.gov/catdir/enhancements/fy0741/2007298648-b.html</a> |
| 856 42 - ELECTRONIC LOCATION AND ACCESS |
| Materials specified |
Publisher description |
| Uniform Resource Identifier |
<a href="http://www.loc.gov/catdir/enhancements/fy0741/2007298648-d.html">http://www.loc.gov/catdir/enhancements/fy0741/2007298648-d.html</a> |
| 856 41 - ELECTRONIC LOCATION AND ACCESS |
| Materials specified |
Table of contents only |
| Uniform Resource Identifier |
<a href="http://www.loc.gov/catdir/enhancements/fy0741/2007298648-t.html">http://www.loc.gov/catdir/enhancements/fy0741/2007298648-t.html</a> |
| 906 ## - LOCAL DATA ELEMENT F, LDF (RLIN) |
| a |
7 |
| b |
cbc |
| c |
copycat |
| d |
2 |
| e |
ncip |
| f |
20 |
| g |
y-gencatlg |
| 942 ## - ADDED ENTRY ELEMENTS (KOHA) |
| Source of classification or shelving scheme |
|
| Koha item type |
Book |
| Call number prefix |
620.00151825 FIS 2008 |